00339nam a2200121Ia 4500008004100000245007800041260001700119260000900136300000800145650002300153650001200176856002900188170516s9999 xx 000 0 und d 2aA Prodrug-type, MMP-2-targeting Nanoprobe for Tumor Detection and Imaging bTheranostics c2015 a5:8 xMedical Technology xMedtech uhttp://www.thno.org/v5i8